|
|
|
แสดงรายละเอียดบรรณานุกรม |
|
|
Brief Record
: Get Marc (ISO 2709)
: E-mail record
: |
|
|
| LEADER 01174nam 2200277 a 4500 | |||
| 001 13399141733 | |||
| 003 ULIBM | |||
| 008 030417s|||| caua sb 001 0 eng | |||
| 099 ^aTH-AR-236 | |||
| 100 ^aบรรจงศักดิ์ พิมพ์ทอง | |||
| 245 ^aวาดเส้น | |||
| 250 ^a2551 | |||
| 260 ^a2551 | |||
| 913 ^aImported by ULIBM Administrator | |||
| 949 ^aImport form external file by ULIBM system | |||
| คุณยังไม่ได้ล็อกอิน คุณสามารถมีกิจกรรมร่วมกับเว็บไซต์ได้ แต่ต้องล็อกอินก่อน :: |
|
| สถานะ | |||||||||
| 1. | หนังสือ | TH-AR-236 Barcode: 131640 | ►หมวดสถาปัตยกรรม (ไทย) | On Shelf ขอยืม | |||||
| [แสดง 1/1 รายการ] | |||||||||
| รายการใกล้เคียง ชื่อเรื่อง [วาดเส้น] ผู้แต่ง [บรรจงศักดิ์ พิมพ์ทอง] |
BibComment |
| คอมเมนท์ทรัพยากรรายการนี้ |
|
|